<?xml version="1.0" encoding="UTF-8"?>
<record
    xmlns:xsi="http://www.w3.org/2001/XMLSchema-instance"
    xsi:schemaLocation="http://www.loc.gov/MARC21/slim http://www.loc.gov/standards/marcxml/schema/MARC21slim.xsd"
    xmlns="http://www.loc.gov/MARC21/slim">

  <leader>01719cam a2200337 a 4500</leader>
  <controlfield tag="003">EG-GiCUC</controlfield>
  <controlfield tag="005">20250223031008.0</controlfield>
  <controlfield tag="008">140611s2013    ua     f m    000 0 eng d</controlfield>
  <datafield tag="040" ind1=" " ind2=" ">
    <subfield code="a">EG-GiCUC</subfield>
    <subfield code="b">eng</subfield>
    <subfield code="c">EG-GiCUC</subfield>
  </datafield>
  <datafield tag="041" ind1="0" ind2=" ">
    <subfield code="a">eng</subfield>
  </datafield>
  <datafield tag="049" ind1=" " ind2=" ">
    <subfield code="a">Deposite</subfield>
  </datafield>
  <datafield tag="097" ind1=" " ind2=" ">
    <subfield code="a">Ph.D</subfield>
  </datafield>
  <datafield tag="099" ind1=" " ind2=" ">
    <subfield code="a">Cai01.24.12.Ph.D.2013.Mo.Q</subfield>
  </datafield>
  <datafield tag="100" ind1="0" ind2=" ">
    <subfield code="a">Mohamed Elsayed Yahia Ali Elsayed Kelib</subfield>
  </datafield>
  <datafield tag="245" ind1="1" ind2="0">
    <subfield code="a">Quantum plasma waves and its relevance to laser plasma / </subfield>
    <subfield code="c">Mohamed Elsayed Yahia Ali Elsayed Kelib ; Supervised Iftitan Azzouz , Waleed M. Moslem</subfield>
  </datafield>
  <datafield tag="246" ind1="1" ind2="5">
    <subfield code="a">&#x645;&#x648;&#x62C;&#x627;&#x62A; &#x627;&#x644;&#x628;&#x644;&#x627;&#x632;&#x645;&#x627; &#x627;&#x644;&#x643;&#x645;&#x64A;&#x629; &#x648; &#x639;&#x644;&#x627;&#x642;&#x62A;&#x647;&#x627; &#x628;&#x628;&#x644;&#x627;&#x632;&#x645;&#x627; &#x627;&#x644;&#x644;&#x64A;&#x632;&#x631;</subfield>
  </datafield>
  <datafield tag="260" ind1=" " ind2=" ">
    <subfield code="a">Cairo : </subfield>
    <subfield code="b">Mohamed Elsayed Yahia Ali Elsayed Kelib , </subfield>
    <subfield code="c">2013</subfield>
  </datafield>
  <datafield tag="300" ind1=" " ind2=" ">
    <subfield code="a">115 Leaves ; </subfield>
    <subfield code="c">30cm</subfield>
  </datafield>
  <datafield tag="502" ind1=" " ind2=" ">
    <subfield code="a">Thesis (Ph.D.) - Cairo University - National Institute of Laser Enhanced Science - Department of Laser Science and Interaction</subfield>
  </datafield>
  <datafield tag="520" ind1=" " ind2=" ">
    <subfield code="a">The interesting domain of the quantum plasma physies is extended to include the condensed matter systems and its forms in ultra small dimensions, which will give us more deep understanding of the dominated physics. The study of waves and instabilities in quantum plasmas is of fundamental importance for understanding collective response in laser plasma - solid state interactions, in microelectronic and nanostructure semiconductor devices</subfield>
  </datafield>
  <datafield tag="530" ind1=" " ind2=" ">
    <subfield code="a">Issued also as CD</subfield>
  </datafield>
  <datafield tag="653" ind1=" " ind2="4">
    <subfield code="a">Dense quantum plasmas</subfield>
  </datafield>
  <datafield tag="653" ind1=" " ind2="4">
    <subfield code="a">Quantum hydrodynamics</subfield>
  </datafield>
  <datafield tag="653" ind1=" " ind2="4">
    <subfield code="a">Two stream instability</subfield>
  </datafield>
  <datafield tag="700" ind1="0" ind2=" ">
    <subfield code="a">Iftitan Azzouz , </subfield>
    <subfield code="e">Supervisor</subfield>
  </datafield>
  <datafield tag="700" ind1="0" ind2=" ">
    <subfield code="a">Waleed Moslem Moslem , </subfield>
    <subfield code="e">Supervisor</subfield>
  </datafield>
  <datafield tag="856" ind1=" " ind2=" ">
    <subfield code="u">http://172.23.153.220/th.pdf</subfield>
  </datafield>
  <datafield tag="905" ind1=" " ind2=" ">
    <subfield code="a">Nazla</subfield>
    <subfield code="e">Revisor</subfield>
  </datafield>
  <datafield tag="905" ind1=" " ind2=" ">
    <subfield code="a">Samia</subfield>
    <subfield code="e">Cataloger</subfield>
  </datafield>
  <datafield tag="942" ind1=" " ind2=" ">
    <subfield code="2">ddc</subfield>
    <subfield code="c">TH</subfield>
  </datafield>
  <datafield tag="999" ind1=" " ind2=" ">
    <subfield code="c">46259</subfield>
    <subfield code="d">46259</subfield>
  </datafield>
  <datafield tag="952" ind1=" " ind2=" ">
    <subfield code="2">ddc</subfield>
    <subfield code="7">0</subfield>
    <subfield code="a">CUCL</subfield>
    <subfield code="b">cl210</subfield>
    <subfield code="d">2024-02-11</subfield>
    <subfield code="o">Cai01.24.12.Ph.D.2013.Mo.Q</subfield>
    <subfield code="p">01010110062529000</subfield>
    <subfield code="r">2023-09-22 00:00:00</subfield>
    <subfield code="y">TH</subfield>
  </datafield>
  <datafield tag="952" ind1=" " ind2=" ">
    <subfield code="2">ddc</subfield>
    <subfield code="7">0</subfield>
    <subfield code="a">CUCL</subfield>
    <subfield code="b">cl2u8</subfield>
    <subfield code="d">2024-02-11</subfield>
    <subfield code="o">Cai01.24.12.Ph.D.2013.Mo.Q</subfield>
    <subfield code="p">01020110062529000</subfield>
    <subfield code="r">2023-09-22 00:00:00</subfield>
    <subfield code="t">62529.CD</subfield>
    <subfield code="y">CD</subfield>
  </datafield>
</record>
